00623nam a2200181Ia 4500952012800000999001700128003000400145005001700149008004100166040000900207082001800216100002600234245005500260260005500315300000900370650002000379942004200399 00102ddc40708ESSAYaMESbMEScENGd2019-02-20g15.50l0o813.52 LEW/Cp7051r2019-02-20 00:00:00w2019-02-20yBKzGR9R4 c12900d12900OSt20201022112053.0190216s9999||||xx |||||||||||||| ||und|| coclc a813.52bLEW/C aLewis, Sinclair95121 0a A Collection Of English Essays /c Sinclair Lewis bPrentice Hall ,c1962.aUnited States Of America: a175p aEnglish Stories cBK2ddch813.52iLEW/Ck813.52mLEW/C